| 000 | 00540nam a2200181Ia 4500 | ||
|---|---|---|---|
| 999 |
_c22699 _d22699 |
||
| 003 | OSt | ||
| 005 | 20200323134006.0 | ||
| 008 | 190216s9999||||xx |||||||||||||| ||und|| | ||
| 020 | _a9788174350619 | ||
| 040 | _coclc | ||
| 082 |
_a297.0904 _bJAM/I |
||
| 100 |
_aJameelah, Maryam _92159 |
||
| 245 | 0 |
_aIslam And Western Society / _cMaryam Jameelah |
|
| 260 |
_bAdam Publishers&Distributors, _aNew Delhi: _c2003. |
||
| 300 | _a328p | ||
| 650 | _aIslamic History | ||
| 942 |
_cBK _2ddc _h297.0904 _iJAM/I _k297.0904 _mJAM/I |
||